| 000 | 00000nam##2200000za#4500 |
| 001 | 9.590315 |
| 003 | CaOODSP |
| 005 | 20210624200051 |
| 007 | cr ||||||||||| |
| 008 | 150406|2009||||xxc|||||o f|0| 0 eng|d |
| 022 | |a1701-1280 |
| 040 | |aCaOODSP|beng |
| 041 | |aeng |
| 041 | |afre |
| 043 | |an-cn--- |
| 086 | 1 |aFs70-4/2009-045-PDF |
| 110 | 1 |aCanada. |bDepartment of Fisheries and Oceans. |
| 245 | 10|aProceedings of the national peer review of the risk assessments of two solitary and three colonial invasive Tunicates in both Atlantic and Pacific Canadian waters : |h[electronic resource]|bMarch 13-14, 2007, Charlottetown, PEI / |cChairperson: N.E. Mandrak; Editors: Erika Reese and Dave Marson. |
| 260 | |aBurlington - Ontario : |bFisheries and Oceans Canada |cMarch 2010. |
| 300 | |a49p.|breferences |
| 490 | 1 |aCanadian Science Advisory Secretariat proceedings series|x1701-1280|v2009/045 |
| 590 | |a14-20-Supp|b2014-11-25 |
| 792 | |tCompte rendu de l'examen par des pairs national sur l'Évaluation des risques posés par deux tuniciers solitaires et trois tuniciers coloniaux dans les eaux canadiennes de l'Atlantique et du Pacifique : |efre|w(CaOODSP)9.590316 |
| 830 | #0|aProceedings series (Canadian Science Advisory Secretariat)|x1701-1280|v2009/045|w(CaOODSP)9.500507 |
| 856 | 40|ahttp://publications.gc.ca|qPDF|s238 KB|uhttps://publications.gc.ca/collections/collection_2014/mpo-dfo/Fs70-4-2009-045.pdf|y2009/045 |